Middle powers and G20 governance (Record no. 443857)

000 -LEADER
fixed length control field 00495cam a22001577a 4500
008 - FIXED-LENGTH DATA ELEMENTS--GENERAL INFORMATION
fixed length control field 180718b2013 xxu||||| |||| 00| 0 eng d
020 ## - INTERNATIONAL STANDARD BOOK NUMBER
International Standard Book Number 9781137350640
082 ## - DEWEY DECIMAL CLASSIFICATION NUMBER
Classification number T421J732
245 ## - TITLE STATEMENT
Title Middle powers and G20 governance
Statement of responsibility, etc. Edited by Mo Jongryn
260 ## - PUBLICATION, DISTRIBUTION, ETC.
Place of publication, distribution, etc. New York
Name of publisher, distributor, etc. Palgrave
Date of publication, distribution, etc. 2013
300 ## - PHYSICAL DESCRIPTION
Extent 151p.
650 ## - SUBJECT ADDED ENTRY--TOPICAL TERM
Topical term or geographic name entry element International economic relations -- Congresses
650 ## - SUBJECT ADDED ENTRY--TOPICAL TERM
Topical term or geographic name entry element Group of Eight (Organization) -- Congresses
650 ## - SUBJECT ADDED ENTRY--TOPICAL TERM
Topical term or geographic name entry element Group of Twenty -- Congresses
700 ## - ADDED ENTRY--PERSONAL NAME
Personal name Jongryn, Mo
Holdings
Withdrawn status Lost status Damaged status Not for loan Permanent Location Current Location Date acquired Full call number Barcode Date last seen Price effective from Koha item type
        Indian Institute of Public Administration Indian Institute of Public Administration 2014-05-22 T421J732 85707 2018-07-21 2018-07-21 Book

Powered by Koha